Statistics for Names by People

Click here to take the quiz!

General Stats

  • This quiz has been taken 15 times
  • The average score is 6 of 16

Answer Stats

Hint #1Hint #2Answer% Correct
A queenA U.S. representativeElizabeth (I or II, Warren)
83%
A presidentA wrestlerJohn (Kennedy, Cena)
83%
A spySix presidentsJames (Bond, Carter/Garfield/Buchanan/Polk/Monroe/Madison
75%
A presidentAn inventorThomas (Jefferson, Edison)
75%
A presidentA rights activistMartin (van Buren, King Jr.)
67%
A presidentA misguided knightDon (Trump, Quixote)
58%
A biblical figureAn authorMary (Magdalene, Shelley)
42%
A DoctorA broadcasterDavid (Tennant, Attenborough)
42%
A DoctorA quarterbackMatt (Smith, Ryan)
33%
A biblical figureA frontiersmanDaniel (of the Bible, Boone)
33%
An astronomerA musicianMike (Brown, Jackson)
25%
A presidentA senatorTed (Roosevelt, Cruz)
17%
An actorA playrightEugene (Levy, O'Neill)
8%
A musicianAn actorCarrie (Underwood, Fisher)
0%
A generalAn inventorAlex (the Great, Graham Bell)
0%
A detectiveA singerNancy (Drew, Sinatra)
0%

Score Distribution

Percentile by Number Answered

Percent of People with Each Score

Your Score History

You have not taken this quiz